|
|
|
|
| LEADER |
01115nam a2200265 i 4500 |
| 001 |
10029757 |
| 003 |
GR-PaULI |
| 005 |
20210117210011.0 |
| 008 |
990902t1983 uk a g 1 eng d |
| 020 |
|
|
|a 0198772122
|
| 040 |
|
|
|a GR-PaULI
|b gre
|c GR-PaULI
|e AACR2
|
| 082 |
0 |
4 |
|2 23
|a 331.120 42
|
| 100 |
1 |
|
|a Brown, C. V.
|q (Charles Victor)
|9 153275
|e συγγραφέας.
|
| 245 |
1 |
0 |
|a Taxation and the incentive to work /
|c by C. V. Brown.
|
| 250 |
|
|
|a 2η έκδ.
|
| 260 |
|
|
|a Oxford :
|b Oxford University Press,
|c 1983.
|
| 300 |
|
|
|a viii, 186 σ. :
|b εικ. ;
|c 22 εκ.
|
| 504 |
|
|
|a Περιλαμβάνει βιβλιογραφία και ευρετήριο.
|
| 650 |
|
4 |
|a Οικονομική της εργασίας
|9 1607
|
| 650 |
|
4 |
|a Φόρος εισοδήματος
|9 4653
|
| 852 |
|
|
|a GR-PaULI
|b ΠΑΤΡΑ
|b ΒΚΠ
|k ΑΣΧΞ
|h 331.120 42 BRO
|p 025000047864
|t 1
|
| 942 |
|
|
|2 ddc
|c BK15
|
| 952 |
|
|
|0 0
|1 0
|2 ddc
|4 0
|6 331_120000000000000_42_BRO
|7 0
|9 198109
|a LISP
|b LISP
|c BSC
|d 2016-04-24
|i 088323
|l 0
|o 331.120 42 BRO
|p 025000047864
|r 2016-04-24 00:00:00
|t 1
|y BK15
|
| 998 |
|
|
|c ΒΑΣΙΛΕΙΟΥ
|d 1999-06
|
| 999 |
|
|
|c 121659
|d 121659
|